Nam bộ thành đồng đi trước về sau Hồi ký kháng chiến chống thực dân Pháp 1945 - 1954

সংরক্ষণ করুন:
গ্রন্থ-পঞ্জীর বিবরন
বিন্যাস: গ্রন্থ
ভাষা:Undetermined
প্রকাশিত: Hà Nội Chính Trị Quốc Gia 1999
বিষয়গুলি:
ট্যাগগুলো: ট্যাগ যুক্ত করুন
কোনো ট্যাগ নেই, প্রথমজন হিসাবে ট্যাগ করুন!
Thư viện lưu trữ: Trung tâm Học liệu Trường Đại học Cần Thơ
LEADER 00534nam a2200157Ia 4500
001 CTU_30702
008 210402s9999 xx 000 0 und d
082 |a 959.703 
082 |b N104 
245 0 |a Nam bộ thành đồng đi trước về sau 
245 0 |b Hồi ký kháng chiến chống thực dân Pháp 1945 - 1954 
260 |a Hà Nội 
260 |b Chính Trị Quốc Gia 
260 |c 1999 
650 |a vietnam - history - 20th century 
980 |a Trung tâm Học liệu Trường Đại học Cần Thơ